Antibodies to tropomyosin and antigens of house dust mites in asthma and allergic rhinitis patients /
Saved in:
| 主要作者: | |
|---|---|
| 格式: | Thesis 圖書 |
| 語言: | English |
| 出版: |
2004.
|
| 主題: | |
| 在線閱讀: | http://studentsrepo.um.edu.my/id/eprint/1536 |
| 標簽: |
添加標簽
沒有標簽, 成為第一個標記此記錄!
|
| LEADER | 00969cam a2200241 a 4500 | ||
|---|---|---|---|
| 001 | u718947 | ||
| 003 | SIRSI | ||
| 008 | 060308s2004 my t 000 0 eng m | ||
| 040 | |a UMM | ||
| 090 | |a Q180 |b UMP 2004 Soo | ||
| 100 | 1 | 0 | |a Soon, Siew Choo. |
| 245 | 1 | 0 | |a Antibodies to tropomyosin and antigens of house dust mites in asthma and allergic rhinitis patients / |c Soon Siew Choo. |
| 260 | |c 2004. | ||
| 300 | |a xxi, 270 leaves : |b col. ill. ; |c 30 cm. | ||
| 502 | |a Thesis (Ph.D.) -- Institut Pengajian Siswazah, Universiti Malaya, 2005. | ||
| 504 | |a Bibliography: leaves 238-251. | ||
| 650 | 0 | |a House dust mites. | |
| 650 | 0 | |a Allergens. | |
| 710 | 2 | 0 | |a Universiti Malaya. |b Institut Pengajian Siswazah. |
| 856 | |f IARC:A511971227 |z Click Here for Abstract and Table of Contents | ||
| 856 | 4 | 1 | |u http://studentsrepo.um.edu.my/id/eprint/1536 |
| 596 | |a 1 | ||
| 999 | |a Q180 UMP 2004 SOO |w LC |c 1 |i A512556399 |d 4/4/2012 |e 4/4/2012 |f 17/3/2006 |g 1 |l STACKS |m P01UTAMA |n 2 |r Y |s Y |t TESIS |u 13/3/2006 | ||
